[Event "LTU  (B14)"]
[Site "Vilnius"]
[Date "2018.02.16"]
[Round "1.1"]
[White "Gucaga, Augustas"]
[Black "Motuza, Nedas"]
[Result "1-0"]
[WhiteElo "1907"]
[BlackElo "1316"]
[PlyCount "41"]
[EventDate "2018.02.16"]

1. e4 c5 2. Nf3 d6 3. d4 cxd4 4. Nxd4 Nf6 5. Nc3 g6 6. Be3 Bg7 7. f3 O-O 8. Qd2
Re8 9. O-O-O Bd7 10. h4 Nc6 11. h5 Nxh5 12. g4 Ng3 13. Rh3 Nxf1 14. Rxf1 Nxd4
15. Bxd4 Bxd4 16. Qxd4 h5 17. Rh2 Qb6 18. Qd2 Qa6 19. Rfh1 Kh7 20. Rxh5+ gxh5
21. Rxh5+ 1-0

[Event "LTU  (B14)"]
[Site "Vilnius"]
[Date "2018.02.16"]
[Round "1.2"]
[White "Vilkys, Benediktas"]
[Black "Indriunas, Matas"]
[Result "0-1"]
[WhiteElo "1316"]
[BlackElo "1876"]
[PlyCount "66"]
[EventDate "2018.02.16"]

1. e4 c5 2. Nf3 g6 3. d4 cxd4 4. Nxd4 Bg7 5. Nc3 Nc6 6. Nb3 Nf6 7. Bg5 O-O 8.
Bd3 d6 9. Qd2 Re8 10. f3 Bd7 11. h4 Rc8 12. Bxf6 Bxf6 13. h5 Bg7 14. hxg6 hxg6
15. f4 Nb4 16. a3 Nxd3+ 17. cxd3 Qb6 18. Nc1 Bg4 19. N1a2 Qd4 20. Rc1 e6 21.
Nb4 a5 22. Nc2 Qb6 23. Ne3 f5 24. Nxg4 fxg4 25. Qf2 Qb3 26. Qd2 b5 27. Ke2 Rc6
28. Nd1 Rec8 29. Rxc6 Rxc6 30. Qxa5 Rc2+ 31. Ke3 Rc8 32. Qa6 Qc2 33. Nc3 Bd4+
0-1

[Event "LTU  (B14)"]
[Site "Vilnius"]
[Date "2018.02.16"]
[Round "1.3"]
[White "Stremavicius, Pijus"]
[Black "Vasiliauskas, Ignas"]
[Result "1-0"]
[WhiteElo "1862"]
[BlackElo "1270"]
[PlyCount "73"]
[EventDate "2018.02.16"]

1. d4 d5 2. Nf3 Nf6 3. Bf4 Bf5 4. e3 e6 5. c4 c6 6. Qb3 Qb6 7. c5 Qxb3 8. axb3
Nbd7 9. b4 Be7 10. b5 O-O 11. bxc6 bxc6 12. h3 Nb8 13. Nc3 Re8 14. Be2 h6 15.
O-O Ne4 16. Nxe4 Bxe4 17. Ra2 Bxf3 18. gxf3 Bg5 19. Bd6 Be7 20. Bg3 Bf6 21.
Rfa1 Re7 22. b4 Rb7 23. Rb1 a6 24. b5 cxb5 25. Rxb5 Raa7 26. Rxb7 Rxb7 27. Rc2
Nc6 28. Bxa6 Ra7 29. Bb5 Ne7 30. c6 Ra8 31. c7 Nc8 32. Bc6 Ra7 33. Rb2 Kh7 34.
Bd7 Ne7 35. c8=Q Nxc8 36. Bxc8 Rc7 37. Bxc7 1-0

[Event "LTU  (B14)"]
[Site "Vilnius"]
[Date "2018.02.16"]
[Round "1.4"]
[White "Onega, Paulius"]
[Black "Aleknavicius, Andrius"]
[Result "0-1"]
[WhiteElo "1230"]
[BlackElo "1784"]
[PlyCount "48"]
[EventDate "2018.02.16"]

1. e4 d6 2. d4 Nf6 3. Nc3 Nbd7 4. Nf3 e5 5. dxe5 dxe5 6. Bd3 c6 7. Bg5 b5 8.
O-O Be7 9. Re1 h6 10. Bh4 Qc7 11. Qd2 g5 12. Bg3 Nh5 13. Ne2 Nxg3 14. Nxg3 g4
15. Nxe5 Nxe5 16. Qc3 Bf6 17. Kf1 Ba6 18. Nh5 Be7 19. Ng7+ Kf8 20. Nf5 b4 21.
Qd2 Nxd3 22. cxd3 Rd8 23. Nxh6 Rxd3 24. Qe2 Qxh2 0-1

[Event "LTU  (B14)"]
[Site "Vilnius"]
[Date "2018.02.16"]
[Round "1.5"]
[White "Povilaitis, Tomas"]
[Black "Staponas, Zygimantas"]
[Result "1-0"]
[WhiteElo "1722"]
[BlackElo "1130"]
[PlyCount "71"]
[EventDate "2018.02.16"]

1. e4 c5 2. Nc3 Nc6 3. Bb5 d6 4. Bxc6+ bxc6 5. f4 Nf6 6. Nf3 Ba6 7. d3 c4 8. d4
g6 9. O-O Bg7 10. Qe1 O-O 11. Qh4 Nd7 12. e5 f5 13. Ng5 h6 14. Ne6 Qe8 15. Nc7
Qc8 16. Nxa8 Qxa8 17. Qxe7 Qd8 18. Qxd6 Nb6 19. Qxd8 Rxd8 20. Be3 Nd5 21. Nxd5
cxd5 22. Rfb1 Bb5 23. b3 cxb3 24. axb3 a6 25. Rc1 Rc8 26. c4 dxc4 27. bxc4 Rxc4
28. Rxc4 Bxc4 29. d5 Kf8 30. d6 Ke8 31. Rc1 Bb5 32. Rc8+ Kf7 33. Rc7+ Kf8 34.
e6 Bf6 35. Rf7+ Ke8 36. Rxf6 1-0

[Event "LTU  (B14)"]
[Site "Vilnius"]
[Date "2018.02.16"]
[Round "1.6"]
[White "Meskauskas, Paulius"]
[Black "Bagdanskis, Dangis"]
[Result "0-1"]
[WhiteElo "1112"]
[BlackElo "1585"]
[PlyCount "62"]
[EventDate "2018.02.16"]

1. e4 c6 2. d4 d5 3. Nc3 dxe4 4. Nxe4 Nf6 5. Nxf6+ exf6 6. Nf3 Bd6 7. Bc4 O-O
8. O-O Bg4 9. Qd3 Qc7 10. h3 Bh5 11. Bd2 Nd7 12. Rfe1 Bg6 13. Qc3 a5 14. Bd3
Bh5 15. Be2 Bb4 16. Qb3 Bd6 17. Rad1 a4 18. Qc3 Nb6 19. Bc4 Bxf3 20. gxf3 Nxc4
21. Qxc4 Qd7 22. Kg2 Bc7 23. Qc5 b6 24. Qe7 Rad8 25. Re2 Bd6 26. Qxd7 Rxd7 27.
Rde1 h6 28. Re4 Kh7 29. b3 axb3 30. axb3 Ra8 31. Bf4 f5 0-1

[Event "LTU  (B14)"]
[Site "Vilnius"]
[Date "2018.02.16"]
[Round "1.7"]
[White "Silkaitis, Laimis"]
[Black "Kuznecovas, Kevinas"]
[Result "1-0"]
[WhiteElo "1581"]
[BlackElo "1024"]
[PlyCount "103"]
[EventDate "2018.02.16"]

1. d4 d5 2. c4 c6 3. cxd5 cxd5 4. Bf4 Nc6 5. e3 Bf5 6. Nc3 e6 7. Bd3 Bxd3 8.
Qxd3 Nf6 9. Nf3 Bd6 10. Bxd6 Qxd6 11. O-O O-O 12. a3 a6 13. b4 b5 14. Rac1 Rfc8
15. Rc2 Rc7 16. Rfc1 Rac8 17. Nd2 e5 18. Nb3 exd4 19. exd4 Nd7 20. Nc5 Nxc5 21.
dxc5 Qe5 22. Qxd5 Qxd5 23. Nxd5 Rb7 24. Re2 Kf8 25. h3 Nd4 26. Re4 Ne6 27. Nf4
Nxf4 28. Rxf4 Ra7 29. Rd1 Rc6 30. Re4 f6 31. Red4 Ke7 32. Rd6 Rac7 33. Re1+ Kf7
34. Ree6 Rxd6 35. Rxd6 Ra7 36. f4 g6 37. Kf2 h5 38. Kf3 f5 39. g4 Kg7 40. gxf5
gxf5 41. Kg3 a5 42. c6 Kf7 43. Rd7+ Rxd7 44. cxd7 Ke7 45. bxa5 Kxd7 46. Kh4 Kc7
47. Kxh5 Kb7 48. Kg5 Ka6 49. h4 Kxa5 50. h5 Ka4 51. h6 b4 52. axb4 1-0

[Event "LTU  (B14)"]
[Site "Vilnius"]
[Date "2018.02.16"]
[Round "1.8"]
[White "Jaskunas, Aistis"]
[Black "Juodzevicius, Karolis"]
[Result "1-0"]
[WhiteElo "1005"]
[BlackElo "1579"]
[PlyCount "82"]
[EventDate "2018.02.16"]

1. d4 e6 2. g3 Nf6 3. Bg2 d5 4. Nc3 c5 5. Nf3 Nc6 6. e3 cxd4 7. exd4 Bb4 8. Bd2
a6 9. O-O O-O 10. Na4 Bd6 11. Qe1 Bd7 12. Bg5 h6 13. Bxf6 Qxf6 14. Nb6 Rad8 15.
Nxd7 Rxd7 16. c3 b5 17. a3 Na5 18. Qd1 Qe7 19. Ne1 Rc7 20. Nd3 Nc4 21. Re1 a5
22. Qb3 Qd7 23. Bf1 a4 24. Qc2 Be7 25. Ne5 Nxe5 26. Rxe5 Bf6 27. Ree1 Re8 28.
Bd3 Bxd4 29. Qe2 Bxc3 30. Bxb5 Qc8 31. Rec1 Ba5 32. Rxc7 Bxc7 33. Bxe8 Qxe8 34.
Qc2 Qd7 35. Rb1 d4 36. b3 axb3 37. Rxb3 Bd6 38. Qd2 Qa4 39. Qd3 e5 40. Rb6 Qxa3
41. Rb8+ Bxb8 1-0

[Event "LTU  (B14)"]
[Site "Vilnius"]
[Date "2018.02.16"]
[Round "1.9"]
[White "Labanauskas, Dovydas"]
[Black "Ivanauskas, Pijus"]
[Result "1-0"]
[WhiteElo "1557"]
[BlackElo "1003"]
[PlyCount "66"]
[EventDate "2018.02.16"]

1. e4 e5 2. d4 exd4 3. c3 dxc3 4. Bc4 cxb2 5. Bxb2 Qh4 6. Qd5 Qf4 7. Ne2 Bb4+
8. Kf1 Qd6 9. Qxd6 Bxd6 10. Bxg7 f6 11. Bxh8 Be5 12. Nbc3 Kf8 13. f4 Bxc3 14.
Nxc3 b6 15. Nd5 b5 16. Bb3 Na6 17. Rc1 c6 18. Nxf6 Nxf6 19. Bxf6 c5 20. Bd5 Rb8
21. Be5 Rb6 22. f5 d6 23. Bf4 Nb4 24. Bh6+ Ke8 25. Bg8 c4 26. f6 Rb7 27. f7+
Rxf7+ 28. Bxf7+ Kxf7 29. a4 Bd7 30. axb5 Bxb5 31. Ke2 c3+ 32. Ke3 Na2 33. Rc2
Bc4 1-0

[Event "LTU  (B14)"]
[Site "Vilnius"]
[Date "2018.02.17"]
[Round "2.1"]
[White "Silkaitis, Laimis"]
[Black "Gucaga, Augustas"]
[Result "1/2-1/2"]
[WhiteElo "1581"]
[BlackElo "1907"]
[PlyCount "96"]
[EventDate "2018.02.16"]

1. d4 Nf6 2. Nf3 g6 3. Nc3 Bg7 4. g3 O-O 5. Bg2 d6 6. O-O Nbd7 7. e4 e5 8. dxe5
dxe5 9. h3 c6 10. Be3 Qc7 11. Qe2 Nb6 12. a4 Be6 13. b3 h6 14. Rfd1 Rad8 15.
Rxd8 Rxd8 16. Rd1 Rxd1+ 17. Qxd1 Nbd7 18. Qd3 Qa5 19. Bd2 Qc7 20. Be3 Bf8 21.
Nd2 Nc5 22. Qe2 Qa5 23. Nd1 Qb4 24. c3 Qa3 25. Bxc5 Qxc5 26. b4 Qd6 27. Nb2 Nd7
28. Nbc4 Qc7 29. Qe3 Nb6 30. Nxb6 Qxb6 31. Qxb6 axb6 32. Bf1 f6 33. Nc4 h5 34.
Nxb6 Bh6 35. Bc4 Kf7 36. Bxe6+ Kxe6 37. Nc4 Kd7 38. a5 Ke6 39. Kf1 Bf8 40. Ke2
f5 41. f3 h4 42. g4 fxg4 43. fxg4 Kf6 44. Kf3 Be7 45. Ke3 Bf8 46. Kf3 Be7 47.
Kf2 Bf8 48. Kf3 Bh6 1/2-1/2

[Event "LTU  (B14)"]
[Site "Vilnius"]
[Date "2018.02.17"]
[Round "2.2"]
[White "Indriunas, Matas"]
[Black "Labanauskas, Dovydas"]
[Result "1-0"]
[WhiteElo "1876"]
[BlackElo "1557"]
[PlyCount "51"]
[EventDate "2018.02.16"]

1. e4 Nf6 2. e5 Nd5 3. c4 Nb6 4. d4 d6 5. exd6 exd6 6. Nc3 Nc6 7. h3 Be7 8. Nf3
Bf5 9. Be3 d5 10. c5 Nc8 11. Qb3 Qd7 12. Qxd5 Qxd5 13. Nxd5 Kd7 14. Bb5 f6 15.
O-O a6 16. Ba4 Bd3 17. Rfe1 Bc4 18. Nc3 b5 19. cxb6 Nxb6 20. d5 Nxd5 21. Rad1
Kd6 22. b3 Ke6 23. Bd2+ Ne5 24. bxc4 Nxc3 25. Bxc3 Bd6 26. c5 1-0

[Event "LTU  (B14)"]
[Site "Vilnius"]
[Date "2018.02.17"]
[Round "2.3"]
[White "Posaskov, Nikita"]
[Black "Stremavicius, Pijus"]
[Result "0-1"]
[WhiteElo "1526"]
[BlackElo "1862"]
[PlyCount "76"]
[EventDate "2018.02.16"]

1. d4 Nf6 2. Nf3 e6 3. c4 b6 4. g3 Bb7 5. Bg2 Be7 6. O-O O-O 7. Nc3 Ne4 8. Qc2
Nxc3 9. Qxc3 c5 10. e3 Bf6 11. Rd1 d6 12. b3 Qe7 13. Bb2 Nc6 14. Qd2 Rfd8 15.
Qe2 Rac8 16. Rac1 a5 17. e4 e5 18. d5 Nd4 19. Nxd4 cxd4 20. a4 Bg5 21. Rc2 Rf8
22. Qd3 Rce8 23. Re2 Bc8 24. f4 exf4 25. Bxd4 fxg3 26. Qxg3 Bf6 27. Bxf6 Qxf6
28. Rf1 Qh6 29. Rfe1 Re5 30. Qe3 Qh4 31. Qf2 Qd8 32. Qe3 Bg4 33. Rd2 Bh5 34.
Qh3 Bg6 35. Rde2 Rfe8 36. Qf3 Bh5 37. Qf2 Bxe2 38. Rxe2 f5 0-1

[Event "LTU  (B14)"]
[Site "Vilnius"]
[Date "2018.02.17"]
[Round "2.4"]
[White "Aleknavicius, Andrius"]
[Black "Likatavicius, Rapolas"]
[Result "1/2-1/2"]
[WhiteElo "1784"]
[BlackElo "1474"]
[PlyCount "83"]
[EventDate "2018.02.16"]

1. d4 d5 2. Bf4 Nf6 3. e3 c5 4. c3 Qb6 5. Qb3 c4 6. Qc2 e6 7. Nf3 Bd6 8. Bg3
Bxg3 9. hxg3 Ne4 10. Nbd2 Nxd2 11. Nxd2 h6 12. b3 cxb3 13. axb3 Nc6 14. e4 Bd7
15. Bd3 Rc8 16. Qb2 O-O 17. g4 f6 18. Bb1 Ne7 19. exd5 exd5 20. Qc2 Qe6+ 21.
Kd1 Qxg4+ 22. f3 Qf5 23. Rxa7 Qxc2+ 24. Kxc2 Rc7 25. Ra3 b5 26. b4 Nf5 27. Kb2
Ne3 28. g4 Re8 29. Ba2 Bc6 30. Ne4 Kf8 31. Nc5 Nc4+ 32. Bxc4 dxc4 33. Rf1 Re2+
34. Kc1 Rce7 35. Ra6 Bxf3 36. Ne6+ R7xe6 37. Rxe6 Rxe6 38. Rxf3 Re4 39. Rf5
Rxg4 40. Rxb5 Rg3 41. Kc2 Rg2+ 42. Kc1 1/2-1/2

[Event "LTU  (B14)"]
[Site "Vilnius"]
[Date "2018.02.17"]
[Round "2.5"]
[White "Greicius, Pijus"]
[Black "Povilaitis, Tomas"]
[Result "1-0"]
[WhiteElo "1443"]
[BlackElo "1722"]
[PlyCount "89"]
[EventDate "2018.02.16"]

1. c4 e5 2. g3 Nc6 3. Nc3 Bb4 4. Nd5 Bc5 5. Bg2 Nge7 6. Nf3 d6 7. d3 O-O 8. O-O
Nxd5 9. cxd5 Ne7 10. d4 exd4 11. Nxd4 Nf5 12. Nb3 Bb6 13. e4 Ne7 14. Kh1 f5 15.
Be3 fxe4 16. Bxe4 Bf5 17. Bg2 Qd7 18. Bxb6 axb6 19. Nd4 Ra5 20. b4 Ra3 21. Nb3
Rfa8 22. Qd2 Qa4 23. Nd4 Rd3 24. Qg5 Rxd4 25. Qxe7 Qd7 26. Qxd7 Bxd7 27. Rfc1
Rc8 28. a3 c5 29. dxc6 bxc6 30. Rd1 Rxd1+ 31. Rxd1 d5 32. Kg1 b5 33. h3 Kf7 34.
h4 Ra8 35. Rd3 Ke7 36. f4 Kd6 37. Kf2 Bf5 38. Rc3 Re8 39. Rc1 Bd3 40. Bf3 Bc4
41. g4 Ra8 42. Ra1 c5 43. bxc5+ Kxc5 44. Ke1 b4 45. axb4+ 1-0

[Event "LTU  (B14)"]
[Site "Vilnius"]
[Date "2018.02.17"]
[Round "2.6"]
[White "Bagdanskis, Dangis"]
[Black "Persinas, Vilius"]
[Result "1-0"]
[WhiteElo "1585"]
[BlackElo "1394"]
[PlyCount "61"]
[EventDate "2018.02.16"]

1. d4 Nf6 2. Nf3 e6 3. Bf4 b6 4. e3 Nh5 5. Bg3 Nxg3 6. hxg3 Bb7 7. Bd3 h6 8.
Nbd2 d5 9. Ne5 Nd7 10. Ndf3 Bd6 11. Bb5 Bc8 12. g4 a6 13. Bc6 Rb8 14. c3 Kf8
15. Bxd7 Bxd7 16. g5 Bxe5 17. Nxe5 Be8 18. gxh6 gxh6 19. Qf3 Ke7 20. Ng4 f5 21.
Ne5 Qd6 22. Qf4 Bf7 23. Qh4+ Ke8 24. Qf6 Rh7 25. Rxh6 Rxh6 26. Qxf7+ Kd8 27.
Qg8+ Ke7 28. Qg7+ Ke8 29. Qxh6 c5 30. Qh8+ Ke7 31. Qxb8 1-0

[Event "LTU  (B14)"]
[Site "Vilnius"]
[Date "2018.02.17"]
[Round "2.7"]
[White "Motuza, Nedas"]
[Black "Jaskunas, Aistis"]
[Result "1-0"]
[WhiteElo "1316"]
[BlackElo "1005"]
[PlyCount "61"]
[EventDate "2018.02.16"]

1. d4 d5 2. Nf3 Nc6 3. c4 Nf6 4. Bf4 e6 5. a3 dxc4 6. e3 Ne4 7. Bxc4 Bd6 8.
Bxd6 Nxd6 9. Nbd2 O-O 10. O-O e5 11. dxe5 Nxc4 12. Nxc4 Bg4 13. h3 Bxf3 14.
Qxf3 Qe7 15. b4 Rab8 16. Qe4 Rfe8 17. f4 f6 18. Qd5+ Qe6 19. Qxe6+ Rxe6 20. f5
Re7 21. e6 Ra8 22. b5 Nd8 23. Rad1 c6 24. a4 cxb5 25. axb5 a6 26. Nb6 Rb8 27.
Nd5 Re8 28. bxa6 bxa6 29. Nc7 Re7 30. Nxa6 Rb3 31. Rxd8+ 1-0

[Event "LTU  (B14)"]
[Site "Vilnius"]
[Date "2018.02.17"]
[Round "2.9"]
[White "Kuznecovas, Kevinas"]
[Black "Vilkys, Benediktas"]
[Result "0-1"]
[WhiteElo "1024"]
[BlackElo "1316"]
[PlyCount "80"]
[EventDate "2018.02.16"]

1. e4 c6 2. d4 d5 3. exd5 cxd5 4. Nf3 Nf6 5. Bf4 e6 6. c4 Bb4+ 7. Nbd2 O-O 8.
cxd5 Nxd5 9. Bxb8 Rxb8 10. Bc4 b5 11. Bxd5 Qxd5 12. O-O Bxd2 13. Qxd2 Bb7 14.
b3 Rbd8 15. Rad1 Qh5 16. Qe3 Bxf3 17. Qxf3 Qxf3 18. gxf3 Rd5 19. Rd3 Rfd8 20.
Rfd1 e5 21. Re1 Rxd4 22. Rxd4 exd4 23. Kf1 d3 24. Rd1 g6 25. Ke1 Re8+ 26. Kf1
Re2 27. Ra1 Rc2 28. Ke1 Kg7 29. a4 b4 30. Rb1 Kf6 31. Rd1 Rc3 32. Rb1 Kf5 33.
Kf1 Kf4 34. Kg2 d2 35. Rd1 Rc2 36. h3 g5 37. a5 a6 38. h4 gxh4 39. Kh3 Kxf3 40.
Kxh4 Ke2 0-1

[Event "LTU  (B14)"]
[Site "Vilnius"]
[Date "2018.02.17"]
[Round "2.11"]
[White "Ivanauskas, Pijus"]
[Black "Onega, Paulius"]
[Result "0-1"]
[WhiteElo "1003"]
[BlackElo "1230"]
[PlyCount "92"]
[EventDate "2018.02.16"]

1. c4 Nf6 2. Nc3 g6 3. g3 Bg7 4. Bg2 d6 5. d3 Nbd7 6. Bd2 e5 7. Rb1 Nc5 8. b4
Ne6 9. e3 O-O 10. a4 Nd7 11. a5 a6 12. Qa4 c6 13. b5 axb5 14. cxb5 Rxa5 15. Qb4
Qc7 16. bxc6 bxc6 17. Bxc6 Qxc6 18. e4 Ra7 19. Rc1 Qa6 20. Qb1 Ndc5 21. Ke2
Nd4+ 22. Ke3 Bh6+ 23. f4 Ndb3 24. Rd1 Rb7 25. Be1 Nd4 26. Qc1 Nde6 27. Nd5 Qa7
28. Kf3 Nc7 29. Ne7+ Kh8 30. Qc3 Rb3 31. Qc2 Qa6 32. Bc3 Qa3 33. Ne2 Nb5 34.
Nd5 Nxc3 35. Ndxc3 Qa8 36. fxe5 dxe5 37. d4 exd4 38. Rxd4 Rb8 39. Nd5 Ne6 40.
Ra4 Qb7 41. Rb4 Qa7 42. Qb2+ Bg7 43. e5 Rxb4 44. Qxb4 Qb7 45. Qe4 Rd8 46. Ndc3
Ng5+ 0-1

[Event "LTU  (B14)"]
[Site "Vilnius"]
[Date "2018.02.17"]
[Round "3.1"]
[White "Bagdanskis, Dangis"]
[Black "Indriunas, Matas"]
[Result "1-0"]
[WhiteElo "1585"]
[BlackElo "1876"]
[PlyCount "89"]
[EventDate "2018.02.16"]

1. d4 d6 2. Nf3 g6 3. Bg5 Bg7 4. e3 Nd7 5. Nbd2 Ngf6 6. c3 O-O 7. Be2 c6 8. O-O
h6 9. Bh4 Nh7 10. Qb3 Kh8 11. Bg3 e5 12. Rad1 Qe7 13. dxe5 dxe5 14. Ne4 f5 15.
Nh4 Rf6 16. Nxf6 Qxf6 17. Rxd7 Bxd7 18. Qxb7 Rd8 19. Qc7 Nf8 20. Nf3 Re8 21.
Bxe5 Rxe5 22. Nxe5 Qxe5 23. Qxa7 c5 24. Bf3 g5 25. g3 f4 26. exf4 gxf4 27. Qa8
Bb5 28. Rd1 Be2 29. Bxe2 Qxe2 30. Rd8 Qe7 31. Re8 Qf7 32. Kg2 Kh7 33. Qe4+ Ng6
34. Qe6 Qb7+ 35. Kg1 Nf8 36. Qe4+ Qxe4 37. Rxe4 fxg3 38. hxg3 Kg6 39. a4 Kf5
40. Rf4+ Ke6 41. a5 Nd7 42. Kg2 Kd6 43. Rf7 Bf6 44. Rh7 Kc6 45. a6 1-0

[Event "LTU  (B14)"]
[Site "Vilnius"]
[Date "2018.02.17"]
[Round "3.2"]
[White "Stremavicius, Pijus"]
[Black "Greicius, Pijus"]
[Result "1-0"]
[WhiteElo "1862"]
[BlackElo "1443"]
[PlyCount "71"]
[EventDate "2018.02.16"]

1. d4 Nf6 2. Nf3 g6 3. Bf4 Bg7 4. e3 O-O 5. Be2 d6 6. h3 Nbd7 7. O-O Qe8 8. Bh2
e5 9. c4 Qe7 10. Nc3 a6 11. Qc2 Ne8 12. Rad1 c6 13. b4 f5 14. b5 g5 15. bxc6
bxc6 16. dxe5 dxe5 17. Na4 e4 18. Nd4 c5 19. Nb3 Bb7 20. Na5 Bc8 21. Nc3 Nb6
22. Nd5 Nxd5 23. cxd5 f4 24. Nc6 Qf6 25. Qxe4 Nd6 26. Qe7 Qh6 27. exf4 gxf4 28.
Bf3 Re8 29. Qc7 Bf8 30. Rfe1 Bxh3 31. gxh3 Qxh3 32. Bg2 Qg4 33. f3 Rxe1+ 34.
Rxe1 Qg5 35. Re5 Qg6 36. Bxf4 1-0

[Event "LTU  (B14)"]
[Site "Vilnius"]
[Date "2018.02.17"]
[Round "3.3"]
[White "Gucaga, Augustas"]
[Black "Aleknavicius, Andrius"]
[Result "0-1"]
[WhiteElo "1907"]
[BlackElo "1784"]
[PlyCount "56"]
[EventDate "2018.02.16"]

1. e4 d6 2. d4 Nf6 3. Nc3 Nbd7 4. Bc4 e5 5. Nf3 Be7 6. a4 c6 7. O-O Qc7 8. Re1
h6 9. a5 Nf8 10. h3 g5 11. Nh2 Ng6 12. Nf1 Nf4 13. Ng3 g4 14. h4 N6h5 15. Nf5
Bxf5 16. exf5 Rg8 17. g3 Nh3+ 18. Kg2 d5 19. Be2 Nxf2 20. Nxd5 cxd5 21. Bb5+
Kd8 22. Kxf2 e4 23. Rg1 Bd6 24. Bxh6 Bxg3+ 25. Kf1 Qc8 26. Rxg3 Nxg3+ 27. Kg2
Nxf5 28. Bg5+ Rxg5 0-1

[Event "LTU  (B14)"]
[Site "Vilnius"]
[Date "2018.02.17"]
[Round "3.4"]
[White "Likatavicius, Rapolas"]
[Black "Silkaitis, Laimis"]
[Result "1/2-1/2"]
[WhiteElo "1474"]
[BlackElo "1581"]
[PlyCount "127"]
[EventDate "2018.02.16"]

1. d4 d5 2. Nf3 Nf6 3. Bf4 c5 4. c3 Nc6 5. e3 Qb6 6. Qc1 cxd4 7. exd4 Bf5 8.
Nbd2 e6 9. Be2 Be7 10. O-O Rc8 11. Nb3 O-O 12. Rd1 a6 13. h3 Ne4 14. Ne5 Nxe5
15. Bxe5 Bd6 16. Bxd6 Qxd6 17. Nd2 b5 18. Nxe4 Bxe4 19. Qe3 Rc6 20. Bd3 Bxd3
21. Qxd3 b4 22. Rdc1 Rfc8 23. Rc2 bxc3 24. Rxc3 Rxc3 25. bxc3 Qa3 26. Rb1 g6
27. Qf3 Qxc3 28. Qf4 Qc6 29. h4 Qc7 30. Qf6 Qc2 31. Rb7 Qf5 32. Rxf7 Qxf6 33.
Rxf6 Rc6 34. g3 a5 35. Rf3 Rc4 36. Rd3 Kf7 37. Kg2 Kf6 38. a3 e5 39. dxe5+ Kxe5
40. Kf3 d4 41. Kg4 Rc3 42. Rd1 Rxa3 43. h5 gxh5+ 44. Kxh5 Rf3 45. Rd2 d3 46.
Kg4 Ke4 47. Ra2 Rf7 48. Ra4+ Kd5 49. Rxa5+ Kc4 50. f4 d2 51. Ra1 Kc3 52. f5 Kb2
53. Rf1 Kc2 54. Kf4 d1=Q 55. Rxd1 Kxd1 56. g4 Ke2 57. g5 Kd3 58. Ke5 Ra7 59. g6
Ra5+ 60. Kf6 Ra6+ 61. Kf7 hxg6 62. fxg6 Ra7+ 63. Kf8 Ke4 64. g7 1/2-1/2

[Event "LTU  (B14)"]
[Site "Vilnius"]
[Date "2018.02.17"]
[Round "3.5"]
[White "Povilaitis, Tomas"]
[Black "Vilkys, Benediktas"]
[Result "1-0"]
[WhiteElo "1722"]
[BlackElo "1316"]
[PlyCount "61"]
[EventDate "2018.02.16"]

1. d4 f5 2. Bf4 Nf6 3. e3 d6 4. Nf3 g6 5. Bc4 Bg7 6. O-O d5 7. Bd3 O-O 8. c4 c6
9. c5 Nbd7 10. h3 Qe8 11. b4 Nh5 12. Bc7 f4 13. e4 dxe4 14. Bc4+ Kh8 15. Ng5 f3
16. g3 e5 17. Bd6 Rf5 18. Nxe4 exd4 19. Re1 Ne5 20. Bb3 Qd8 21. Na3 Nxg3 22.
Nxg3 Qh4 23. Bc4 Qxh3 24. Bf1 Qg4 25. Re4 Rf4 26. Rxe5 Bxe5 27. Bxe5+ Kg8 28.
Bxf4 Qxf4 29. Nc2 d3 30. Qxd3 Bf5 31. Qc4+ 1-0

[Event "LTU  (B14)"]
[Site "Vilnius"]
[Date "2018.02.17"]
[Round "3.6"]
[White "Onega, Paulius"]
[Black "Juodzevicius, Karolis"]
[Result "0-1"]
[WhiteElo "1230"]
[BlackElo "1579"]
[PlyCount "64"]
[EventDate "2018.02.16"]

1. e4 c6 2. Nc3 d5 3. exd5 cxd5 4. d4 e6 5. g3 Nf6 6. Bg2 Nc6 7. Nf3 a6 8. a4
Bb4 9. Bd2 O-O 10. O-O Ba5 11. Re1 Bd7 12. Ne5 Bc7 13. f4 Nxd4 14. Be3 Nc6 15.
Nxc6 Bxc6 16. g4 Bb6 17. g5 Nd7 18. h4 Bxe3+ 19. Rxe3 Qb6 20. Qc1 d4 21. a5 Qa7
22. Rh3 dxc3+ 23. Kh1 Qf2 24. Rh2 cxb2 25. Qxb2 Bxg2+ 26. Rxg2 Qxh4+ 27. Rh2
Qxf4 28. Qb1 Nc5 29. c4 Qe4+ 30. Qxe4 Nxe4 31. Rg1 Rad8 32. Rh3 Nf2+ 0-1

[Event "LTU  (B14)"]
[Site "Vilnius"]
[Date "2018.02.17"]
[Round "3.7"]
[White "Labanauskas, Dovydas"]
[Black "Vasiliauskas, Ignas"]
[Result "1-0"]
[WhiteElo "1557"]
[BlackElo "1270"]
[PlyCount "59"]
[EventDate "2018.02.16"]

1. e4 e5 2. d4 exd4 3. c3 d5 4. exd5 Qxd5 5. cxd4 Nc6 6. Nf3 Nf6 7. Nc3 Qd8 8.
Bb5 Bd7 9. O-O Be7 10. Bf4 O-O 11. a3 a6 12. Bc4 Bg4 13. d5 Nb8 14. Qd3 Nbd7
15. b4 Nb6 16. Bb3 Qd7 17. Rfe1 Rfe8 18. Ne5 Qf5 19. Qxf5 Bxf5 20. d6 cxd6 21.
Bxf7+ Kf8 22. Bxe8 dxe5 23. Rxe5 Rxe8 24. Rxf5 Kg8 25. Re5 Kf7 26. Ne4 Rc8 27.
Ng5+ Kf8 28. Re2 h6 29. Nf3 Rc4 30. Ne5 1-0

[Event "LTU  (B14)"]
[Site "Vilnius"]
[Date "2018.02.17"]
[Round "3.8"]
[White "Jaskunas, Aistis"]
[Black "Posaskov, Nikita"]
[Result "0-1"]
[WhiteElo "1005"]
[BlackElo "1526"]
[PlyCount "92"]
[EventDate "2018.02.16"]

1. d4 Nf6 2. Nf3 e6 3. Bg5 d5 4. e3 Be7 5. Nc3 O-O 6. Bd3 h6 7. Bh4 Nbd7 8. O-O
c5 9. Re1 b6 10. Bg3 Bb7 11. Nb5 a6 12. Nc3 b5 13. Be5 b4 14. Nb1 c4 15. Be2
Nxe5 16. Nxe5 Nd7 17. Nf3 Bf6 18. c3 a5 19. Qd2 Qb6 20. Bd1 Rfd8 21. Bc2 e5 22.
dxe5 Nxe5 23. Nd4 Nc6 24. Nf5 a4 25. Bd1 b3 26. a3 Ne7 27. Ng3 Ng6 28. Qc1 Ne5
29. Be2 Qc6 30. Bf1 d4 31. cxd4 Nd3 32. Qd2 Nxe1 33. Qxe1 Re8 34. Qc1 Rac8 35.
Nc3 Qd7 36. Nge4 Bxe4 37. Nxe4 Rxe4 38. Qc3 Bxd4 39. exd4 Qxd4 40. Qh3 Rc7 41.
Qf3 Qxb2 42. Qxe4 Qxa1 43. g3 b2 44. Qa8+ Kh7 45. Qb8 b1=Q 46. Qxb1+ Qxb1 0-1

[Event "LTU  (B14)"]
[Site "Vilnius"]
[Date "2018.02.17"]
[Round "3.9"]
[White "Persinas, Vilius"]
[Black "Staponas, Zygimantas"]
[Result "1/2-1/2"]
[WhiteElo "1394"]
[BlackElo "1130"]
[PlyCount "90"]
[EventDate "2018.02.16"]

1. c4 Nf6 2. Nc3 g6 3. g3 Bg7 4. Bg2 O-O 5. e4 c6 6. Nge2 d6 7. O-O Bd7 8. d3
Qc8 9. Rb1 c5 10. Bg5 Nc6 11. Nf4 h6 12. Bxf6 Bxf6 13. Nfd5 Bxc3 14. Nxc3 Kh7
15. a3 Bg4 16. f3 Bh3 17. Ne2 Bxg2 18. Kxg2 f5 19. Qc2 Ne5 20. h3 Nd7 21. Nf4
e5 22. Nd5 Nf6 23. Nc3 Nh5 24. Ne2 Nf6 25. b4 b6 26. b5 Nh5 27. h4 f4 28. g4
Nf6 29. Rh1 Nxg4 30. Qd2 Ne3+ 31. Kf2 a6 32. Nc3 Rg8 33. bxa6 Rxa6 34. Nb5 Qd8
35. Rbg1 g5 36. hxg5 Rxg5 37. Qc1 Qg8 38. Rh2 Rxg1 39. Qxg1 Nd1+ 40. Kf1 Ne3+
41. Kf2 Nd1+ 42. Kf1 Ne3+ 43. Kf2 Nd1+ 44. Kf1 Ne3+ 45. Kf2 Nd1+ 1/2-1/2

[Event "LTU  (B14)"]
[Site "Vilnius"]
[Date "2018.02.17"]
[Round "3.11"]
[White "Meskauskas, Paulius"]
[Black "Kuznecovas, Kevinas"]
[Result "0-1"]
[WhiteElo "1112"]
[BlackElo "1024"]
[PlyCount "36"]
[EventDate "2018.02.16"]

1. e4 e5 2. Nf3 Nc6 3. d4 exd4 4. Nxd4 Bc5 5. Be3 Bxd4 6. Bxd4 Nf6 7. Nc3 d6 8.
Bb5 Bd7 9. O-O O-O 10. Bxc6 Bxc6 11. Qf3 Re8 12. Bxf6 Qxf6 13. Qxf6 gxf6 14.
Rfe1 Re6 15. Rad1 Rae8 16. f3 f5 17. Rd4 fxe4 18. Nxe4 f5 0-1

[Event "LTU  (B14)"]
[Site "Vilnius"]
[Date "2018.02.18"]
[Round "4.1"]
[White "Stremavicius, Pijus"]
[Black "Bagdanskis, Dangis"]
[Result "1/2-1/2"]
[WhiteElo "1862"]
[BlackElo "1585"]
[PlyCount "42"]
[EventDate "2018.02.16"]

1. d4 d5 2. Nf3 c6 3. Bf4 Qb6 4. Qc1 Nf6 5. e3 Bf5 6. Be2 e6 7. O-O Be7 8. c4
O-O 9. c5 Qd8 10. b4 Nbd7 11. h3 Ne4 12. Nc3 Ndf6 13. Na4 Nd7 14. a3 Qc8 15.
Ne5 Bd8 16. Nc3 Nxe5 17. Bxe5 Bc7 18. Bxc7 Qxc7 19. Nxe4 Bxe4 20. Qc3 Qe7 21.
f4 f5 1/2-1/2